书目信息 |
| 题名: |
爱弥儿
|
|
| 作者: | 卢梭 , Rousseau 著 ;李平沤 译 | |
| 分册: | 上卷 | |
| 出版信息: | 北京 商务印书馆 1978 |
|
| 页数: | 360页 | |
| 开本: | 20cm | |
| 丛书名: | ||
| 单 册: | ||
| 中图分类: | G40-095.65 , G40 | |
| 科图分类: | ||
| 主题词: | 教育理论--法国 | |
| 电子资源: | ||
| ISBN: | ||
| 000 | 00832nam0 2200301 45 | |
| 001 | 0178004152 | |
| 005 | 20040429090043.8 | |
| 010 | @b精装@dCNY4.00 | |
| 091 | @a7012.01005 | |
| 100 | @a19950716d1978 em y0chiy0121 ea | |
| 101 | 1 | @achi@cfre |
| 102 | @aCN@b110000 | |
| 105 | @ay z 000yy | |
| 106 | @ar | |
| 200 | 10 | @a爱弥儿@h上卷@Aai mi er@e论教育@f(法)卢梭(J.J.Rousseau)著@g李平沤译 |
| 210 | @a北京@c商务印书馆@d1978 | |
| 215 | @a360页@d20cm | |
| 300 | @a书名原文:Emile ou de leducation | |
| 510 | 1 | @aEmile ou de leducation@zfre |
| 517 | 1 | @a论教育@Alun jiao yu |
| 606 | @a教育理论@y法国 | |
| 690 | @aG40-095.65@v3 | |
| 690 | @aG40 | |
| 701 | 1 | @a卢梭@Alu suo@bJ.J.@4著 |
| 701 | A1 | @aRousseau@bJ.J.@4著 |
| 702 | 0 | @a李平沤@Ali ping ou@4译 |
| 801 | 0 | @aCN@bNLC@c20040429 |
| 905 | @f1@b211458@dG40@e114:1 | |
| 爱弥儿.上卷:论教育/(法)卢梭(J.J.Rousseau)著/李平沤译.-北京:商务印书馆,1978 |
| 360页;20cm |
| 书名原文:Emile ou de leducation |
| ISBN (精装):CNY4.00 |
| ● |
| 相关链接 |
|
|
|
|
正题名:爱弥儿
索取号:G40/114:1
 
预约/预借
| 序号 | 登录号 | 条形码 | 馆藏地/架位号 | 状态 | 备注 |